[Event "Glorney Gilbert International 2016 - Robinson"]
[Site "Daventry"]
[Date "2016.07.18"]
[Round "3.1"]
[White "Ruchko, Denis"]
[Black "Qiu, Anlan"]
[Result "1/2-1/2"]
[WhiteElo "1513"]
[BlackElo "1567"]
[PlyCount "88"]
[EventDate "2016.07.17"]
[WhiteTeam "Ireland"]
[BlackTeam "Wales"]

1. d4 Nf6 2. c4 g6 3. Nc3 Bg7 4. e4 d6 5. Nf3 O-O 6. Be2 Na6 7. O-O e5 8. h3
exd4 9. Nxd4 Nc5 10. Bf3 a5 11. Be3 Re8 12. Qc2 Nfd7 13. Be2 c6 14. f3 Ne6 15.
Qd2 Nxd4 16. Bxd4 Nc5 17. Rfd1 Be6 18. Bxg7 Kxg7 19. Qxd6 Qb6 20. Qd4+ f6 21.
b3 Rad8 22. Qe3 f5 23. Rxd8 Rxd8 24. Rd1 Rxd1+ 25. Bxd1 fxe4 26. Nxe4 Qd8 27.
Nxc5 Qxd1+ 28. Kf2 Bf7 29. Ne6+ Bxe6 30. Qxe6 Qd2+ 31. Qe2 Qd4+ 32. Kg3 Kf6 33.
f4 h5 34. Kf3 b6 35. Qe5+ Qxe5 36. fxe5+ Kxe5 37. Ke3 h4 38. a3 c5 39. a4 g5
40. Ke2 Kf4 41. Kf2 g4 42. hxg4 Kxg4 43. Kf1 Kg3 44. Kg1 Kg4 1/2-1/2

[Event "Glorney Gilbert International 2016 - Robinson"]
[Site "Daventry"]
[Date "2016.07.18"]
[Round "3.1"]
[White "Lutchman-Singh, Aishwarya"]
[Black "Hunter, Sean"]
[Result "0-1"]
[WhiteElo "1443"]
[BlackElo "1458"]
[PlyCount "62"]
[EventDate "2016.07.17"]
[WhiteTeam "Wales"]
[BlackTeam "Ireland"]

1. d4 Nf6 2. Bg5 e6 3. e3 Be7 4. Nc3 d5 5. Bd3 c5 6. f4 Nc6 7. Nf3 Qb6 8. O-O
cxd4 9. exd4 Nxd4 10. Kh1 Nxf3 11. Qxf3 Bd7 12. a4 O-O 13. Qe2 Rfe8 14. Rf3 Qd6
15. Rh3 h6 16. Bxf6 Bxf6 17. Qg4 Kh8 18. Qh5 Rf8 19. Rf1 e5 20. f5 e4 21. Be2
Qe5 22. g4 d4 23. Nb1 Kg8 24. Rg1 e3 25. Na3 Bc6+ 26. Bf3 Bxf3+ 27. Rxf3 e2 28.
Re1 Qd5 29. g5 Bxg5 30. Rxe2 Rfe8 31. Rd2 Bxd2 0-1

[Event "Glorney Gilbert International 2016 - Robinson"]
[Site "Daventry"]
[Date "2016.07.18"]
[Round "3.2"]
[White "Ragavan, Pramoth"]
[Black "Berera, Siddharth"]
[Result "0-1"]
[WhiteElo "1517"]
[BlackElo "1594"]
[PlyCount "54"]
[EventDate "2016.07.17"]
[WhiteTeam "England B"]
[BlackTeam "Scotland"]
[BlackTeamCountry "SCO"]

1. d4 d5 2. c4 c6 3. Nc3 Nf6 4. Bg5 dxc4 5. a4 Bf5 6. e3 e6 7. Bxc4 Bb4 8. Nge2
h6 9. Bxf6 Qxf6 10. O-O O-O 11. Qb3 Qe7 12. Ng3 Bg6 13. Rfd1 a5 14. e4 Na6 15.
Rac1 Rfd8 16. Na2 Bd6 17. Qe3 e5 18. dxe5 Bxe5 19. Qe2 Nc5 20. Qc2 Nxe4 21.
Nxe4 Bxe4 22. Qb3 Bf4 23. Ra1 Bg6 24. Qf3 Qe5 25. g3 Rxd1+ 26. Rxd1 Bh5 27.
Qxf4 Qxf4 0-1

[Event "Glorney Gilbert International 2016 - Robinson"]
[Site "Daventry"]
[Date "2016.07.18"]
[Round "3.2"]
[White "Connolly Sams, Lukah"]
[Black "Gogna, Avi"]
[Result "0-1"]
[WhiteElo "1498"]
[BlackElo "1483"]
[PlyCount "66"]
[EventDate "2016.07.17"]
[WhiteTeam "Scotland"]
[BlackTeam "England B"]
[WhiteTeamCountry "SCO"]

1. d4 Nf6 2. Nf3 g6 3. Nc3 d5 4. Bf4 a6 5. e3 Bg7 6. Be2 O-O 7. Ne5 b6 8. h4
Bb7 9. g4 Nfd7 10. h5 c5 11. hxg6 fxg6 12. Bxa6 Nxa6 13. Qf3 Bxe5 14. Qh3 Rf7
15. dxe5 e6 16. Nb5 Nf8 17. Nd6 Rd7 18. Qh6 Qe7 19. Bg5 Qg7 20. Qh4 Qxe5 21.
Nxb7 Rxb7 22. Bf6 Qe4 23. Be7 Rxe7 24. Rh2 Rf7 25. c3 d4 26. O-O-O dxe3 27. Re1
e2 28. f4 Qxf4+ 29. Kb1 Qe4+ 30. Ka1 Rf1 31. Rhxe2 Rxe1+ 32. Rxe1 Qf4 33. Qh1
Ra7 0-1

[Event "Glorney Gilbert International 2016 - Robinson"]
[Site "Daventry"]
[Date "2016.07.18"]
[Round "3.2"]
[White "Smith, Rachel L"]
[Black "Lewis, Timothy"]
[Result "1-0"]
[WhiteElo "1402"]
[BlackElo "1475"]
[PlyCount "125"]
[EventDate "2016.07.17"]
[WhiteTeam "Scotland"]
[BlackTeam "England B"]
[WhiteTeamCountry "SCO"]

1. Nf3 Nf6 2. c4 e6 3. Nc3 Bb4 4. g3 b6 5. Bg2 Bb7 6. a3 Bxc3 7. bxc3 d6 8. O-O
O-O 9. Rb1 c5 10. d3 Re8 11. Bg5 Nbd7 12. e3 h6 13. Bxf6 Qxf6 14. Rb3 Nb8 15.
a4 Nc6 16. Nd2 Rad8 17. Ra3 Na5 18. Qc2 Bxg2 19. Kxg2 Nc6 20. Nb3 Ne5 21. f3
Qg6 22. e4 h5 23. a5 h4 24. axb6 axb6 25. Ra6 Rb8 26. Nd2 hxg3 27. hxg3 Qh6 28.
d4 Ng6 29. Qd3 Qg5 30. Kf2 f5 31. f4 Qg4 32. Qf3 Qxf3+ 33. Kxf3 Ne7 34. Rb1 Nc8
35. Rb5 Re7 36. Ra1 Ra7 37. Rxa7 Nxa7 38. Rb2 Nc8 39. Ra2 Ne7 40. Rb2 Nc8 41.
Ra2 Kh7 42. g4 g6 43. Nf1 Rb7 44. Ne3 fxe4+ 45. Kxe4 Kg7 46. Ra8 Ne7 47. Rd8
cxd4 48. cxd4 d5+ 49. cxd5 exd5+ 50. Nxd5 Nxd5 51. Kxd5 b5 52. Kc6 Rf7 53. Kxb5
Rxf4 54. d5 Rxg4 55. d6 Rd4 56. Kc6 Rd1 57. Re8 Kf7 58. Re5 g5 59. Rxg5 Ke8 60.
Rg8+ Kf7 61. Rd8 Ke6 62. Re8+ Kf7 63. d7 1-0

[Event "Glorney Gilbert International 2016 - Robinson"]
[Site "Daventry"]
[Date "2016.07.18"]
[Round "3.3"]
[White "Howell, Oliver W"]
[Black "Badinier, Romain"]
[Result "1-0"]
[WhiteElo "1506"]
[BlackElo "1522"]
[PlyCount "43"]
[EventDate "2016.07.17"]
[WhiteTeam "England"]
[BlackTeam "France"]

1. Nf3 d5 2. c4 c6 3. g3 Bg4 4. Bg2 e6 5. O-O Bd6 6. cxd5 cxd5 7. Qa4+ Nd7 8.
Qxg4 g6 9. Qa4 Ngf6 10. d4 O-O 11. Nc3 a6 12. Bg5 Qc7 13. Rfc1 Qb6 14. Qb3 Qa7
15. e3 Rac8 16. Rc2 Rc4 17. Ne2 b5 18. Nd2 Ne4 19. Nxe4 Rb4 20. Qd3 dxe4 21.
Qxe4 Nc5 22. Qc6 1-0

[Event "Glorney Gilbert International 2016 - Robinson"]
[Site "Daventry"]
[Date "2016.07.18"]
[Round "4.1"]
[White "Choo-Yin, Ben"]
[Black "Rachid, Alexandre"]
[Result "1-0"]
[WhiteElo "1686"]
[BlackElo "1935"]
[PlyCount "83"]
[EventDate "2016.07.17"]
[WhiteTeam "Wales"]
[BlackTeam "France"]

1. c4 e5 2. g3 Nf6 3. Bg2 d5 4. cxd5 Nxd5 5. Nc3 Nb6 6. Nf3 Nc6 7. O-O Be7 8.
d3 O-O 9. Be3 Be6 10. Ne4 f6 11. Bc5 Nd4 12. Bxe7 Qxe7 13. b3 c6 14. Rc1 Rad8
15. Qd2 Rfe8 16. Qb2 Bg4 17. Nxd4 exd4 18. Rfe1 Rf8 19. Nc5 a6 20. b4 Kh8 21.
a4 Bc8 22. b5 axb5 23. axb5 cxb5 24. Kf1 f5 25. Qxb5 Rd6 26. Qb2 Rfd8 27. Ra1
Rf6 28. Rac1 f4 29. Qb3 fxg3 30. hxg3 Rdf8 31. Ne4 Rh6 32. Bf3 Nd7 33. Qc4 Rc6
34. Qxd4 Rxc1 35. Rxc1 Ne5 36. Bg2 Nc6 37. Qd6 Qf7 38. Bf3 h6 39. Qc5 Be6 40.
Nd6 Qe7 41. Nxb7 Qxb7 42. Qxf8+ 1-0

[Event "Glorney Gilbert International 2016 - Robinson"]
[Site "Daventry"]
[Date "2016.07.18"]
[Round "4.1"]
[White "Binet, Joseph"]
[Black "Lutchman-Singh, Karanvir"]
[Result "1-0"]
[WhiteElo "1741"]
[BlackElo "1716"]
[PlyCount "69"]
[EventDate "2016.07.17"]
[WhiteTeam "France"]
[BlackTeam "Wales"]

1. e4 c6 2. d4 d5 3. f3 dxe4 4. fxe4 e6 5. Nf3 Nf6 6. Bd3 c5 7. O-O cxd4 8. e5
Ng4 9. h3 Ne3 10. Bxe3 dxe3 11. Nc3 Nc6 12. Kh1 a6 13. Qe1 Bc5 14. Ne4 Be7 15.
Qxe3 Qc7 16. Ng3 Bd7 17. c3 O-O-O 18. b4 f6 19. exf6 gxf6 20. Ne4 Rhg8 21. a4
f5 22. Nc5 Bxc5 23. Qxc5 Nb8 24. Qe3 Rg3 25. c4 Rdg8 26. Rf2 R8g6 27. b5 a5 28.
c5 Rg8 29. Qd2 e5 30. b6 Qd8 31. Nxe5 Nc6 32. Nxd7 Qxd7 33. Bxf5 Qxf5 34. Rxf5
Rd8 35. Qf4 1-0

[Event "Glorney Gilbert International 2016 - Robinson"]
[Site "Daventry"]
[Date "2016.07.18"]
[Round "4.1"]
[White "Fowler, Hugo"]
[Black "Romas, Lionia"]
[Result "1-0"]
[WhiteElo "1529"]
[BlackElo "1626"]
[PlyCount "97"]
[EventDate "2016.07.17"]
[WhiteTeam "Wales"]
[BlackTeam "France"]

1. e4 e6 2. d4 d5 3. e5 c5 4. c3 Nc6 5. Nf3 Qb6 6. a3 a5 7. Bd3 Bd7 8. O-O cxd4
9. cxd4 Nxd4 10. Nxd4 Qxd4 11. Nc3 Qb6 12. Bb5 Bxb5 13. Qb3 Bc5 14. Nxb5 Rd8
15. Qa4 Kf8 16. Bd2 Rc8 17. Qxa5 Qxa5 18. Bxa5 b6 19. Bd2 Nh6 20. Rac1 Ke7 21.
b4 Ng4 22. bxc5 Nxe5 23. cxb6 Nc4 24. Bb4+ Kd7 25. Rfd1 Nxb6 26. Nd6 Rxc1 27.
Rxc1 f6 28. Kf1 e5 29. Ke2 d4 30. Kd3 Nd5 31. Nb7 Nf4+ 32. Kd2 Rb8 33. Nc5+ Ke8
34. g3 Nd5 35. Na6 Rb7 36. Rc8+ Kf7 37. Rf8+ Kg6 38. Nc5 Ra7 39. Rb8 Nxb4 40.
axb4 Ra2+ 41. Ke1 Kf5 42. b5 Ra1+ 43. Ke2 Ra2+ 44. Kf1 Ra1+ 45. Kg2 Rb1 46. b6
e4 47. b7 d3 48. Rd8 e3 49. Rxd3 1-0

[Event "Glorney Gilbert International 2016 - Robinson"]
[Site "Daventry"]
[Date "2016.07.18"]
[Round "4.1"]
[White "Qiu, Anlan"]
[Black "Badinier, Romain"]
[Result "1-0"]
[WhiteElo "1567"]
[BlackElo "1522"]
[PlyCount "110"]
[EventDate "2016.07.17"]
[WhiteTeam "Wales"]
[BlackTeam "France"]

1. e4 e5 2. Nf3 Nc6 3. Bb5 a6 4. Ba4 d6 5. O-O Nf6 6. Re1 Be7 7. c3 O-O 8. d4
exd4 9. cxd4 Bg4 10. Bxc6 bxc6 11. Bf4 Rb8 12. b3 Qd7 13. Nbd2 Rfd8 14. Qc2 a5
15. Rac1 Rb6 16. Re3 Ra8 17. Rc3 Raa6 18. Ne1 Qd8 19. f3 Bd7 20. Nc4 Rb8 21.
Ne3 Nh5 22. Bg3 Nxg3 23. hxg3 Bf6 24. Rd3 h6 25. Rdd1 Ra7 26. f4 g6 27. e5 Be7
28. Nd3 Kg7 29. Nf2 Rab7 30. Qc3 Kh7 31. Qxa5 Ra8 32. Qd2 Rba7 33. Rc2 Qc8 34.
g4 Ra6 35. Qe2 d5 36. Nd3 R8a7 37. Rdd2 Ra5 38. Qf3 Qa8 39. Qf2 Qc8 40. f5 g5
41. f6 Bf8 42. Nf5 R7a6 43. Nc5 Bxc5 44. Rxc5 Qe8 45. Rcc2 Qa8 46. g3 Qe8 47.
Qh2 Qf8 48. Qh3 Bxf5 49. gxf5 Ra7 50. Rh2 R5a6 51. Rcf2 c5 52. e6 fxe6 53. fxe6
Rxa2 54. Qf5+ Kg8 55. Rxa2 Rxa2 1-0

[Event "Glorney Gilbert International 2016 - Robinson"]
[Site "Daventry"]
[Date "2016.07.18"]
[Round "4.1"]
[White "Gachenot, Alexandre"]
[Black "Lutchman-Singh, Aishwarya"]
[Result "1-0"]
[WhiteElo "1448"]
[BlackElo "1443"]
[PlyCount "83"]
[EventDate "2016.07.17"]
[WhiteTeam "France"]
[BlackTeam "Wales"]

1. e4 e5 2. Nf3 Nc6 3. Bc4 Be7 4. O-O Nf6 5. Nc3 d6 6. h3 O-O 7. d4 Kh8 8. Be3
Ne8 9. Re1 f5 10. exf5 Bxf5 11. Qd2 Nf6 12. dxe5 Nxe5 13. Nxe5 dxe5 14. Qe2 Qe8
15. Rac1 Qg6 16. Kh2 Ne4 17. Nxe4 Bxe4 18. Rg1 Bh4 19. Bb3 a5 20. c3 Qf5 21.
Bc2 Rf7 22. Rge1 Raf8 23. Bc5 Bxf2 24. Qxf2 Qxf2 25. Bxf2 Bxc2 26. Bc5 Bg6 27.
Bxf8 Rxf8 28. Kg3 e4 29. Rcd1 Bf5 30. Kh2 Re8 31. Rd5 Bg6 32. Rxa5 e3 33. Kg1
e2 34. Kf2 Bd3 35. Rd5 Ba6 36. b3 c6 37. Rd6 h6 38. c4 b5 39. Rxe2 Rxe2+ 40.
Kxe2 bxc4 41. Rxc6 cxb3+ 42. Rxa6 1-0

[Event "Glorney Gilbert International 2016 - Robinson"]
[Site "Daventry"]
[Date "2016.07.18"]
[Round "4.2"]
[White "Berera, Siddharth"]
[Black "Zhang, Zheming"]
[Result "1/2-1/2"]
[WhiteElo "1594"]
[BlackElo "1793"]
[PlyCount "49"]
[EventDate "2016.07.17"]
[WhiteTeam "England"]
[BlackTeam "Scotland"]

1. e4 e6 2. d4 d5 3. Nc3 Nf6 4. Bg5 Be7 5. e5 Nfd7 6. Bxe7 Qxe7 7. f4 a6 8. Nf3
c5 9. dxc5 Qxc5 10. Qd2 Nc6 11. O-O-O b5 12. Bd3 Nb6 13. b3 Bd7 14. g4 Nb4 15.
Rhf1 Qxc3 16. Qxc3 Nxa2+ 17. Kd2 Nxc3 18. Kxc3 Nc8 19. Nd4 Ne7 20. b4 Nc6 21.
Nxc6 Bxc6 22. Ra1 Ke7 23. Kd4 Bb7 24. h4 h6 25. h5 1/2-1/2

[Event "Glorney Gilbert International 2016 - Robinson"]
[Site "Daventry"]
[Date "2016.07.18"]
[Round "4.2"]
[White "Onslow, Alfie"]
[Black "Connolly Sams, Lukah"]
[Result "1-0"]
[WhiteElo "1731"]
[BlackElo "1498"]
[PlyCount "93"]
[EventDate "2016.07.17"]
[WhiteTeam "England"]
[BlackTeam "Scotland"]

1. e4 e6 2. d4 d5 3. Nd2 c5 4. exd5 Qxd5 5. Ngf3 Nc6 6. Bc4 Qd8 7. Nb3 cxd4 8.
O-O Nf6 9. Nbxd4 Nxd4 10. Qxd4 Qxd4 11. Nxd4 Bc5 12. Nb3 Bb6 13. Be2 Bd7 14.
Bf3 Rc8 15. a4 Bc6 16. a5 Bxf3 17. axb6 Be2 18. bxa7 Ra8 19. Re1 Ba6 20. Be3
Nd5 21. Nc5 Nxe3 22. fxe3 Ke7 23. Nxa6 bxa6 24. Rxa6 Rhc8 25. c3 Rc7 26. Rea1
Rb7 27. b4 Kd7 28. Kf2 Kc7 29. Ke2 Rb5 30. R1a5 Rxa5 31. Rxa5 Kb6 32. c4 Rxa7
33. Rxa7 Kxa7 34. c5 Ka6 35. c6 Kb6 36. b5 f6 37. Kf3 g6 38. h4 h5 39. g4 hxg4+
40. Kxg4 e5 41. e4 Kc7 42. h5 gxh5+ 43. Kxh5 f5 44. exf5 e4 45. Kg4 e3 46. Kf3
e2 47. Kxe2 1-0

[Event "Glorney Gilbert International 2016 - Robinson"]
[Site "Daventry"]
[Date "2016.07.18"]
[Round "4.2"]
[White "Ivanov, George"]
[Black "Smith, Rachel L"]
[Result "1/2-1/2"]
[WhiteElo "1766"]
[BlackElo "1402"]
[PlyCount "94"]
[EventDate "2016.07.17"]
[WhiteTeam "England"]
[BlackTeam "Scotland"]

1. e4 d5 2. exd5 Qxd5 3. Nc3 Qd8 4. d4 Nf6 5. Bf4 c6 6. Nf3 Bg4 7. Be2 e6 8. h3
Bh5 9. O-O Bd6 10. Bxd6 Qxd6 11. Qd2 Nbd7 12. Rad1 O-O 13. Rfe1 Rad8 14. Nh2
Bxe2 15. Nxe2 Rfe8 16. Nf3 b6 17. c3 c5 18. dxc5 Qxd2 19. Rxd2 Nxc5 20. Red1
Nb7 21. Ne5 Rxd2 22. Rxd2 Rd8 23. Rxd8+ Nxd8 24. Nd4 Ne4 25. Nec6 Nxc6 26. Nxc6
a6 27. Nb4 Nc5 28. b3 a5 29. Nc6 Ne4 30. c4 Kf8 31. Kf1 Ke8 32. f3 Nc5 33. Ke2
Kd7 34. Ne5+ Ke7 35. Nd3 Kd6 36. Ke3 f6 37. Kd4 e5+ 38. Kc3 f5 39. Nxc5 Kxc5
40. a3 g6 41. b4+ axb4+ 42. axb4+ Kc6 43. Kd3 h6 44. h4 Kd6 45. g4 h5 46. gxh5
gxh5 47. Ke3 Kc6 1/2-1/2

[Event "Glorney Gilbert International 2016 - Robinson"]
[Site "Daventry"]
[Date "2016.07.19"]
[Round "5.2"]
[White "Zhang, Zheming"]
[Black "Byrne, Alex"]
[Result "0-1"]
[WhiteElo "1793"]
[BlackElo "1926"]
[PlyCount "140"]
[EventDate "2016.07.17"]
[WhiteTeam "England A"]
[BlackTeam "Ireland"]

1. e4 e6 2. d4 d5 3. exd5 exd5 4. Bd3 c5 5. Qe2+ Be7 6. dxc5 Nf6 7. Nf3 O-O 8.
O-O Bg4 9. h3 Bh5 10. Bg5 Re8 11. Bb5 Nc6 12. Bxc6 bxc6 13. Re1 Bxc5 14. Qxe8+
Qxe8 15. Rxe8+ Rxe8 16. Nc3 Bxf3 17. gxf3 Bd4 18. Kf1 Nd7 19. Re1 Rxe1+ 20.
Kxe1 Ne5 21. Ke2 f6 22. Be3 Bxc3 23. bxc3 a6 24. f4 Nc4 25. Bc5 Kf7 26. f5 g6
27. fxg6+ hxg6 28. Kf3 Nd2+ 29. Kf4 Ne4 30. Bd4 c5 31. Be3 Nxc3 32. Bxc5 Nxa2
33. Ke3 a5 34. Kd4 Ke6 35. Ba3 Nb4 36. Bxb4 axb4 37. Kc5 Ke5 38. Kxb4 d4 39.
Kc4 Ke4 40. f4 f5 41. h4 Kxf4 42. Kxd4 Kg3 43. c4 f4 44. c5 f3 45. c6 f2 46. c7
f1=Q 47. c8=Q Qf4+ 48. Kd3 Kxh4 49. Qh8+ Kg3 50. Ke2 Qf3+ 51. Ke1 Qe3+ 52. Kd1
g5 53. Qb8+ Qf4 54. Qb6 g4 55. Qg1+ Kh3 56. Qh1+ Qh2 57. Qf1+ Qg2 58. Qb5 Qf3+
59. Ke1 g3 60. Qd3 Qf2+ 61. Kd1 Kh2 62. Qh7+ Kg1 63. Qh4 Qf3+ 64. Ke1 Qe3+ 65.
Kd1 g2 66. Qh5 Kf2 67. Qh4+ Kf1 68. Qc4+ Kg1 69. Qh4 Qf3+ 70. Ke1 Qf1+ 0-1

[Event "Glorney Gilbert International 2016 - Robinson"]
[Site "Daventry"]
[Date "2016.07.19"]
[Round "5.2"]
[White "Haque, Mustakim-Ul"]
[Black "Onslow, Alfie"]
[Result "1-0"]
[WhiteElo "1839"]
[BlackElo "1731"]
[PlyCount "65"]
[EventDate "2016.07.17"]
[WhiteTeam "Ireland"]
[BlackTeam "England A"]

1. d4 Nf6 2. c4 c5 3. d5 b5 4. cxb5 a6 5. bxa6 g6 6. Nc3 Bxa6 7. e4 Bxf1 8.
Kxf1 d6 9. g3 Bg7 10. Kg2 O-O 11. Nf3 Nbd7 12. Qc2 Qa5 13. h3 Rfb8 14. Rb1 Nb6
15. Bg5 Nc4 16. Nd2 Nxd2 17. Bxd2 Nd7 18. a3 c4 19. Ne2 Qa6 20. Bc3 Ne5 21. f4
Nd3 22. Bxg7 Kxg7 23. Qc3+ f6 24. Nd4 Rb7 25. Rhd1 Rab8 26. b4 Ra8 27. Ra1 Rc8
28. Rxd3 cxd3 29. Qxc8 d2 30. Ne6+ Kh6 31. Qf8+ Kh5 32. g4+ Kh4 33. Qh6# 1-0

[Event "Glorney Gilbert International 2016 - Robinson"]
[Site "Daventry"]
[Date "2016.07.19"]
[Round "5.2"]
[White "Miller, Dominic"]
[Black "Redmond, Joshua"]
[Result "1-0"]
[WhiteElo "1783"]
[BlackElo "1700"]
[PlyCount "87"]
[EventDate "2016.07.17"]
[WhiteTeam "England A"]
[BlackTeam "Ireland"]

1. e4 e6 2. Nc3 d5 3. d4 Nf6 4. Bg5 Be7 5. e5 Nfd7 6. h4 h6 7. Bxe7 Qxe7 8. Qg4
Rg8 9. f4 a6 10. Nf3 c5 11. Bd3 cxd4 12. Nxd4 g6 13. h5 g5 14. O-O-O Nc6 15.
Nxc6 bxc6 16. Rhe1 Nc5 17. Ne2 Rb8 18. c3 a5 19. Nd4 Bd7 20. f5 Nxd3+ 21. Rxd3
c5 22. fxe6 fxe6 23. Nc2 Rf8 24. Rf3 Rxf3 25. Qxf3 Bb5 26. Ne3 Qf7 27. Qf6 Qxf6
28. exf6 Kf7 29. Ng4 Rc8 30. Kd2 d4 31. c4 Bxc4 32. Ne5+ Kxf6 33. Nxc4 Rc6 34.
Rf1+ Kg7 35. Rf7+ Kxf7 36. Ne5+ Kf6 37. Nxc6 a4 38. g4 e5 39. Kd3 Ke6 40. Ke4
c4 41. Nxe5 c3 42. bxc3 dxc3 43. Nd3 c2 44. Kd4 1-0

[Event "Glorney Gilbert International 2016 - Robinson"]
[Site "Daventry"]
[Date "2016.07.19"]
[Round "5.2"]
[White "Howell, Oliver W"]
[Black "Ruchko, Denis"]
[Result "0-1"]
[WhiteElo "1506"]
[BlackElo "1513"]
[PlyCount "113"]
[EventDate "2016.07.17"]
[WhiteTeam "England A"]
[BlackTeam "Ireland"]

1. e4 c6 2. Nf3 d5 3. exd5 cxd5 4. Ne5 Nf6 5. Bb5+ Bd7 6. Nxd7 Nbxd7 7. d4 e6
8. Bf4 Be7 9. c3 Ne4 10. Nd2 Nd6 11. Ba4 O-O 12. O-O Nb6 13. Bc2 Nbc4 14. Nxc4
Nxc4 15. Qd3 g6 16. b3 Nb6 17. c4 dxc4 18. bxc4 Rc8 19. Bb3 Qd7 20. d5 Rfd8 21.
Rfd1 exd5 22. cxd5 Bd6 23. Bg5 Be7 24. Bxe7 Qxe7 25. Qf3 Rd6 26. Rd4 Rcd8 27.
Rad1 Kg7 28. a4 Qd7 29. a5 Na8 30. Qc3 Kg8 31. Ba4 Qf5 32. h3 Qe5 33. Re1 Qf6
34. Re8+ Rxe8 35. Bxe8 Qd8 36. Ba4 Nc7 37. Qc4 Na6 38. Qb5 Qe7 39. Qc4 Qe1+ 40.
Kh2 Qxf2 41. Bb5 Qf6 42. Bxa6 bxa6 43. Kh1 Qe7 44. Qb4 Qd7 45. Qb8+ Kg7 46. Qb2
Rf6 47. Rf4 Qd6 48. Rxf6 Qxf6 49. Qb8 Qa1+ 50. Kh2 Qxa5 51. Qe5+ Kf8 52. Qd6+
Ke8 53. Qc6+ Kf8 54. Qc8+ Kg7 55. Qc4 Qb6 56. Qc3+ Qf6 57. Qe3 0-1

[Event "Glorney Gilbert International 2016 - Robinson"]
[Site "Daventry"]
[Date "2016.07.19"]
[Round "5.2"]
[White "Hunter, Sean"]
[Black "Bennet-Stevens, Lucy"]
[Result "1/2-1/2"]
[WhiteElo "1458"]
[BlackElo "1381"]
[PlyCount "49"]
[EventDate "2016.07.17"]
[WhiteTeam "Ireland"]
[BlackTeam "England A"]
[WhiteTeamCountry "IRL"]

1. e4 c5 2. Nf3 e6 3. d4 cxd4 4. Nxd4 a6 5. Nc3 Qc7 6. Be2 Bc5 7. O-O d6 8. Be3
Nf6 9. a3 O-O 10. Qd2 Nc6 11. Rad1 Rd8 12. f4 b5 13. b4 Ba7 14. Bf3 Bb7 15.
Nde2 Bxe3+ 16. Qxe3 Ne7 17. Rd2 d5 18. Rfd1 Rd7 19. e5 Ne8 20. Nd4 Rc8 21. Nce2
Qb6 22. g4 Rdc7 23. Rc1 Nc6 24. c3 a5 25. Rdd1 1/2-1/2

[Event "Glorney Gilbert International 2016 - Robinson"]
[Site "Daventry"]
[Date "2016.07.19"]
[Round "5.3"]
[White "Rachid, Alexandre"]
[Black "Berera, Siddharth"]
[Result "0-1"]
[WhiteElo "1935"]
[BlackElo "1594"]
[PlyCount "54"]
[EventDate "2016.07.17"]
[WhiteTeam "France"]
[BlackTeam "Scotlsnd"]

1. e4 c5 2. Nf3 Nc6 3. Bb5 g6 4. Bxc6 bxc6 5. O-O Bg7 6. Nc3 d6 7. b3 Nh6 8.
Bb2 f6 9. d4 cxd4 10. Nxd4 Qc7 11. Qd3 e5 12. Nf3 Be6 13. Rad1 Nf7 14. Ne2 O-O
15. c4 Rfd8 16. Nc3 Rd7 17. Rd2 Rad8 18. Rfd1 Qb7 19. Qc2 Bh6 20. Re2 d5 21.
cxd5 cxd5 22. Nxd5 Bxd5 23. exd5 Rxd5 24. Rde1 Qd7 25. Bc1 Rc8 26. Qb2 Bxc1 27.
Rxc1 Rxc1+ 0-1

[Event "Glorney Gilbert International 2016 - Robinson"]
[Site "Daventry"]
[Date "2016.07.19"]
[Round "5.3"]
[White "Connolly Sams, Lukah"]
[Black "Binet, Joseph"]
[Result "1-0"]
[WhiteElo "1498"]
[BlackElo "1741"]
[PlyCount "41"]
[EventDate "2016.07.17"]
[WhiteTeam "Scotland"]
[BlackTeam "France"]

1. d4 d5 2. Bf4 Nf6 3. e3 c6 4. Nf3 Bg4 5. Nbd2 e6 6. c4 Nbd7 7. Qb3 Qb6 8. c5
Qxb3 9. axb3 Be7 10. b4 Nh5 11. Bg5 Bxg5 12. Nxg5 Nhf6 13. b5 O-O 14. bxc6 bxc6
15. b4 Rfb8 16. Ra4 Ne8 17. Nb3 Rc8 18. Ba6 Rd8 19. Na5 Nc7 20. Bb7 Rab8 21.
Nxc6 1-0

[Event "Glorney Gilbert International 2016 - Robinson"]
[Site "Daventry"]
[Date "2016.07.19"]
[Round "5.3"]
[White "Smith, Rachel L"]
[Black "Mansouri, Julien"]
[Result "1-0"]
[WhiteElo "1402"]
[BlackElo "1607"]
[PlyCount "71"]
[EventDate "2016.07.17"]
[WhiteTeam "Scotland"]
[BlackTeam "France"]

1. Nf3 Nc6 2. c4 e5 3. Nc3 Nf6 4. d3 d6 5. g3 Be7 6. Bg2 Be6 7. e4 Bg4 8. Be3
Nd7 9. h3 Be6 10. Qd2 h6 11. Nd5 f5 12. O-O-O Bf8 13. Kb1 Ne7 14. Rc1 fxe4 15.
dxe4 Nxd5 16. cxd5 Bf7 17. Nh2 Nb6 18. Rhe1 Qd7 19. Rc2 c5 20. dxc6 bxc6 21.
Bf1 c5 22. f4 Qe6 23. b3 a6 24. fxe5 Qxe5 25. Bf4 Qe7 26. e5 d5 27. Bd3 c4 28.
e6 Bh5 29. bxc4 dxc4 30. Be4 Rd8 31. Bc6+ Nd7 32. exd7+ Kf7 33. Rxe7+ Bxe7 34.
Qd5+ Kf8 35. Qxh5 Bf6 36. Qe8+ 1-0

[Event "Glorney Gilbert International 2016 - Robinson"]
[Site "Daventry"]
[Date "2016.07.19"]
[Round "5.2"]
[White "Melaugh, Gavin"]
[Black "Ivanov, George"]
[Result "0-1"]
[WhiteElo "1597"]
[BlackElo "1766"]
[PlyCount "98"]
[EventDate "2016.07.17"]
[WhiteTeam "Ireland"]
[BlackTeam "England A"]

1. c4 Nf6 2. Nc3 c6 3. d4 d5 4. cxd5 cxd5 5. Nf3 Bf5 6. g3 e6 7. Bg2 Bb4 8. O-O
Bxc3 9. bxc3 Ne4 10. Qb3 Qc8 11. Nh4 Nxc3 12. Nxf5 exf5 13. Bxd5 Nxd5 14. Qxd5
Nc6 15. e3 O-O 16. Ba3 Rd8 17. Qb5 f4 18. Qh5 fxe3 19. fxe3 Qe6 20. Qf3 Na5 21.
Bc1 Rac8 22. Rf2 Nc4 23. Qxb7 Nxe3 24. Re2 Qd5 25. Qxd5 Nxd5 26. Ba3 Nc3 27.
Rc2 Rxd4 28. Rxc3 Rxc3 29. Bb2 Rcc4 30. Bxd4 Rxd4 31. Rc1 g6 32. Rc2 Kg7 33.
Kf2 a5 34. Ke3 Rd5 35. Ke4 Rb5 36. Ke3 Rb4 37. h3 h5 38. Kd3 Ra4 39. Ke3 h4 40.
Kf2 Ra3 41. gxh4 Rxh3 42. Rc5 Rh2+ 43. Kg3 Rxa2 44. h5 gxh5 45. Kf4 a4 46. Ra5
a3 47. Kf3 Ra1 48. Ke2 a2 49. Kf2 Rh1 0-1